Độ phì nhiêu dài hạn của đất Cái Răng

Saved in:
Bibliographic Details
Main Author: Hà Anh Dũng
Format: Book
Language:Undetermined
Published: Cần Thơ Viện Đại Học Cần Thơ - Đại Học Nông Nghiệp 1974
Subjects:
Tags: Add Tag
No Tags, Be the first to tag this record!
Institutions: Trung tâm Học liệu Trường Đại học Cần Thơ
LEADER 00593nam a2200181Ia 4500
001 CTU_33567
008 210402s9999 xx 000 0 und d
082 |a 631.422 
082 |b D513 
100 |a Hà Anh Dũng 
245 0 |a Độ phì nhiêu dài hạn của đất Cái Răng 
245 0 |c Hà Anh Dũng 
260 |a Cần Thơ 
260 |b Viện Đại Học Cần Thơ - Đại Học Nông Nghiệp 
260 |c 1974 
650 |a plant- soil relationships,soil fertility 
904 |i Minh, 991103 
980 |a Trung tâm Học liệu Trường Đại học Cần Thơ